Flagi reprezentacji w Mistrzostwach Świata 2030 - Statystyki

Ogólne statystyki
  • Ten quiz został rozwiązany 44 razy
  • Średni wynik to 6 z 6
Statystyki odpowiedzi
Obrazkowy Odpowiedź % Poprawnych
Argentyna
100%
Hiszpania
100%
Portugalia
100%
Urugwaj
100%
Maroko
98%
Paragwaj
95%
Nie znaleziono quizów pasujących do podanych kryteriów
Rozkład punktacji
Procent ludzi z każdym wynikiem
Percentyl według liczby udzielonych odpowiedzi
Twoja historia wyników
Nie rozwiązałeś tego quizu